[Event "Balabanovo Winter Rating"]
[Site "Balabanovo"]
[Date "2012.12.22"]
[Round "9"]
[White "Nikishov, Vasilii"]
[Black "Shon, Vitaly"]
[Result "0-1"]
[WhiteElo "1481"]
[BlackElo "1890"]
[PlyCount "66"]
[EventDate "2012.12.08"]
[EventType "tourn"]
[EventRounds "11"]
[EventCountry "RUS"]
[SourceTitle "EXT 2023"]
[Source "ChessBase"]
[SourceDate "2022.10.05"]
[SourceVersion "1"]
[SourceVersionDate "2022.10.05"]
[SourceQuality "1"]

1. e4 Nc6 2. d4 e5 3. Nf3 exd4 4. Nxd4 Qh4 5. Qd3 Bc5 6. Be3 Nb4 7. Qc4 Bxd4 8. Bxd4 Qxe4+ 9. Kd1 Nxc2 10. Bxg7 Qg6 11. Bxh8 Nxa1 12. Bc3 Qxb1+ 13. Kd2 Qc2+ 14. Ke3 Qc1+ 15. Kf3 Qg5 16. Bd3 d5 17. Qf4 Qh5+ 18. Kg3 Be6 19. Rxa1 Nh6 20. Re1 0-0-0 21. h3 Rg8+ 22. Kh2 Bxh3 23. gxh3 Ng4+ 24. Kg1 Ne5+ 25. Bg6 Qxg6+ 26. Kf1 Nd3 27. Qf3 Nxe1 28. Kxe1 Qe6+ 29. Kd2 Rg1 30. Bd4 b6 31. b4 Qe4 32. Qc3 Qe1+ 33. Kc2 Qxc3+ 0-1

[Event "Balabanovo Winter Rating"]
[Site "Balabanovo"]
[Date "2012.12.16"]
[Round "8"]
[White "Dolganiuc, Victor"]
[Black "Nikishov, Vasilii"]
[Result "1-0"]
[WhiteElo "1969"]
[BlackElo "1481"]
[PlyCount "97"]
[EventDate "2012.12.08"]
[EventType "tourn"]
[EventRounds "11"]
[EventCountry "RUS"]
[SourceTitle "EXT 2023"]
[Source "ChessBase"]
[SourceDate "2022.10.05"]
[SourceVersion "1"]
[SourceVersionDate "2022.10.05"]
[SourceQuality "1"]

1. e4 e5 2. Nf3 Nc6 3. Bc4 Be7 4. d4 exd4 5. c3 d6 6. cxd4 Nf6 7. Nc3 0-0 8. 0-0 Bg4 9. Be2 Re8 10. h3 Bh5 11. d5 Bxf3 12. Bxf3 Ne5 13. Be2 c6 14. Be3 cxd5 15. exd5 Nfd7 16. Rc1 a6 17. a4 Rc8 18. Qb3 Rc7 19. Rfd1 Qc8 20. f4 Nc4 21. Bd4 Bf6 22. Bg4 Bxd4+ 23. Rxd4 Ne3 24. Bxd7 Qxd7 25. Re1 Nf5 26. Rde4 Rxe4 27. Rxe4 Qd8 28. Qb6 Rd7 29. Qxd8+ Rxd8 30. g4 Nh4 31. Re7 Kf8 32. Rxb7 Re8 33. Kf2 Ng6 34. Kf3 Re1 35. Rb6 Rf1+ 36. Kg2 Rxf4 37. Rxa6 Ke7 38. Rb6 Rd4 39. Kf3 Rd3+ 40. Ke4 Rxh3 41. a5 Rh1 42. b3 Ne5 43. a6 Re1+ 44. Kd4 Nxg4 45. a7 Ra1 46. Na4 Rd1+ 47. Kc3 Rc1+ 48. Kd2 Rc8 49. Rb8 1-0

[Event "Balabanovo Winter Rating"]
[Site "Balabanovo"]
[Date "2012.12.09"]
[Round "4"]
[White "Dadukov, Victor"]
[Black "Nikishov, Vasilii"]
[Result "1-0"]
[WhiteElo "2046"]
[BlackElo "1481"]
[PlyCount "29"]
[EventDate "2012.12.08"]
[EventType "tourn"]
[EventRounds "11"]
[EventCountry "RUS"]
[SourceTitle "EXT 2023"]
[Source "ChessBase"]
[SourceDate "2022.10.05"]
[SourceVersion "1"]
[SourceVersionDate "2022.10.05"]
[SourceQuality "1"]

1. e4 e5 2. Nf3 Nc6 3. Bc4 Bc5 4. c3 Nf6 5. d4 exd4 6. cxd4 Bb4+ 7. Nc3 d5 8. exd5 Nxd5 9. 0-0 Nxc3 10. bxc3 Be7 11. d5 Na5 12. Qa4+ c6 13. d6 Bxd6 14. Re1+ Be7 15. Ba3 1-0